Zdobywcy złotej piłki 2000-2022 - Statystyki

Ogólne statystyki
  • Ten quiz został rozwiązany 376 razy
  • Średni wynik to 14 z 15
Statystyki odpowiedzi
Rok Piłkarz % Poprawnych
2021 Messi
99%
2019 messi
99%
2015 Messi
99%
2012 Messi
99%
2010 Messi
99%
2009 Messi
99%
2008 Messi
99%
2017 Ronaldo
99%
2016 Ronaldo
99%
2014 Ronaldo
99%
2013 Ronaldo
99%
2007 Ronaldo
99%
2018 modrić
96%
2022 Benzema
94%
2006 Kaka
67%
Nie znaleziono quizów pasujących do podanych kryteriów
Rozkład punktacji
Procent ludzi z każdym wynikiem
Percentyl według liczby udzielonych odpowiedzi
Twoja historia wyników
Nie rozwiązałeś tego quizu